Krupina

Zobrazenie: Deväť čiastkových pohľadov, každý v tenkom bielom orámovaní, všetky spolu na čiernom podklade, v bielom orámovaní. Pohľad na ulicu s poschodovou budovou vľavo a na konicu ulice s ďalšou vysokou budovou. Pohľad na radnicu s rímskokatolíckym kostolom narodenia Panny Márie vpravo v pozadí....

Full description

Bibliographic Details
Format: Photo
Language:Slovak
PhysicalDescription:1 pohľadnica (9 čiastkových pohľadov) čiernobiela 9 x 14 cm
Published: B. Bystrica Luna [medzi 1931 a 1948?]
Subjects:

MARC

LEADER 00000ckm a2200000 a 4500
001 vtls011606634
003 SK-MaSNL
005 20260301181628.0
007 kf bo
008 230718q1931 xo g kuslo
015 |a SNBG 
035 |a urn:nbn:sk:snk-km00dvsc 
035 |a urn:nbn:sk:snk-km3ls9r 
035 |a 772894DA-41C9-4353-B9E9-C1E65A401252 
040 |a SNK  |b slo  |c SNK  |e AACR2 
041 0 |a slo 
043 |a e-xo--- 
044 |a xo  |c SK 
072 7 |a 913  |x Regionálna geografia  |2 konspekt 
080 |a 913(437.642.115.132)  |2 2001 
080 |a (084.121)  |2 2011 
080 |a 913(437.6)  |2 2011 
080 |a 726:27-523.42  |2 2011 
080 |a 721  |2 2011 
080 |a 373/378  |2 2011 
080 |a 623.1  |2 2011 
080 |a 623.1/.3  |2 2011 
080 |a 711.73  |2 2011 
080 |a 725.012.28  |2 2011 
245 0 0 |a Krupina  |h grafika 
246 1 |i Názov na obrazovej časti:  |a Krupina 
260 |a B. Bystrica  |b Luna  |c [medzi 1931 a 1948?] 
300 |a 1 pohľadnica (9 čiastkových pohľadov)  |b čiernobiela  |c 9 x 14 cm 
520 8 |a Zobrazenie: Deväť čiastkových pohľadov, každý v tenkom bielom orámovaní, všetky spolu na čiernom podklade, v bielom orámovaní. Pohľad na ulicu s poschodovou budovou vľavo a na konicu ulice s ďalšou vysokou budovou. Pohľad na radnicu s rímskokatolíckym kostolom narodenia Panny Márie vpravo v pozadí. Pohľad na školu T. G. Masaryka z dvoch uhlov. Pohľad z diaľky na mesto s vežami kostolov. Pohľad na poschodovú budovu sprava za cestou. Pozľad na časť stredovekého opevnenia. Pohľad na ulicu s radom poschodových budov zľava, vpravo v pozdí s kotolom. Pohľad na Vartovku - bývalú strážnu vežu, dnes vyhliadkovú vežu 
650 0 7 |a kostoly  |2 SNKPH  |9 3023 
650 0 7 |a budovy  |2 SNKPH  |9 1283 
650 0 7 |a školy  |2 SNKPH  |9 1276 
650 0 7 |a fortifikačná architektúra  |2 SNKPH  |9 263292 
650 0 7 |a opevnenia  |2 SNKPH  |9 2990 
650 0 7 |a ulice  |2 SNKPH  |9 2938 
650 0 7 |a rozhľadne  |2 SNKPH  |9 55576 
650 0 7 |a veže  |2 SNKPH  |9 30797 
651 7 |a Krupina (Slovensko)  |2 SNKPHgeo  |9 17094 
655 7 |a miestne pohľadnice  |2 SNKPH  |9 70510 
752 |a Slovensko  |d Banská Bystrica 
852 |a Slovenská národná knižnica 
954 |a pohľadnice pôvodné (slovenské)  |2 lita 
958 |a OND 
958 |a GBN 
958 |a GC 
958 |a EUIPO 
999 |c 850669  |d 852599 
952 |a SNK  |b SNK  |y PREZ  |7 0  |p 17A1212959  |o snkSP 16752  |z Pohľadnica prešla poštou.  |0 0  |1 0  |4 0  |d 2017-01-25  |f 1  |l 0  |r 2026-02-24 04:40:23  |w 2026-02-24